<?xml version="1.0" encoding="UTF-8"?>
<record
    xmlns:xsi="http://www.w3.org/2001/XMLSchema-instance"
    xsi:schemaLocation="http://www.loc.gov/MARC21/slim http://www.loc.gov/standards/marcxml/schema/MARC21slim.xsd"
    xmlns="http://www.loc.gov/MARC21/slim">

  <leader>00930nam a2200301Ia 4500</leader>
  <controlfield tag="001">Para_7978</controlfield>
  <controlfield tag="003">CHAP</controlfield>
  <controlfield tag="008">220125s1920    xx            000 0 und d</controlfield>
  <datafield tag="010" ind1=" " ind2=" ">
    <subfield code="a">206907</subfield>
  </datafield>
  <datafield tag="040" ind1=" " ind2=" ">
    <subfield code="c">CHAP</subfield>
  </datafield>
  <datafield tag="082" ind1=" " ind2=" ">
    <subfield code="a">PA-C 595.75 H4</subfield>
  </datafield>
  <datafield tag="100" ind1=" " ind2=" ">
    <subfield code="a">Pettit, R.H.</subfield>
    <subfield code="9">166727</subfield>
  </datafield>
  <datafield tag="245" ind1=" " ind2=" ">
    <subfield code="a">The lecania of Michigan  /</subfield>
    <subfield code="c"> by R.H. Pettit and Eugenia McDaniel</subfield>
  </datafield>
  <datafield tag="260" ind1=" " ind2=" ">
    <subfield code="a">East Lansing, Michigan :</subfield>
    <subfield code="b"> Michigan Agricultural College</subfield>
  </datafield>
  <datafield tag="300" ind1=" " ind2=" ">
    <subfield code="a">35 p.</subfield>
  </datafield>
  <datafield tag="440" ind1=" " ind2=" ">
    <subfield code="a">Hemiptera; 10</subfield>
    <subfield code="9">171909</subfield>
  </datafield>
  <datafield tag="500" ind1=" " ind2=" ">
    <subfield code="a">Encuadernado con otros impresos similares</subfield>
  </datafield>
  <datafield tag="650" ind1=" " ind2=" ">
    <subfield code="a"></subfield>
    <subfield code="x"> Hem&#xED;pteros </subfield>
    <subfield code="x"> colecciones de escritos </subfield>
    <subfield code="x"> Lecanium</subfield>
    <subfield code="9">173277</subfield>
  </datafield>
  <datafield tag="700" ind1=" " ind2=" ">
    <subfield code="a">McDaniel, Eugenia</subfield>
    <subfield code="9">173278</subfield>
  </datafield>
  <datafield tag="710" ind1=" " ind2=" ">
    <subfield code="a">Michigan Agr. College: Technical Bulletin; 48</subfield>
    <subfield code="9">173279</subfield>
  </datafield>
  <datafield tag="901" ind1=" " ind2=" ">
    <subfield code="a">PA-C 595.75 H4</subfield>
  </datafield>
  <datafield tag="902" ind1=" " ind2=" ">
    <subfield code="a">A</subfield>
  </datafield>
  <datafield tag="905" ind1=" " ind2=" ">
    <subfield code="a">0000001920                             a   0000000000   00</subfield>
  </datafield>
  <datafield tag="910" ind1=" " ind2=" ">
    <subfield code="a">1920</subfield>
  </datafield>
  <datafield tag="942" ind1=" " ind2=" ">
    <subfield code="c">PARA</subfield>
  </datafield>
  <datafield tag="942" ind1=" " ind2=" ">
    <subfield code="c">PARA</subfield>
    <subfield code="d">1</subfield>
  </datafield>
  <datafield tag="999" ind1=" " ind2=" ">
    <subfield code="c">206907</subfield>
    <subfield code="d">206907</subfield>
  </datafield>
  <datafield tag="952" ind1=" " ind2=" ">
    <subfield code="0">0</subfield>
    <subfield code="1">0</subfield>
    <subfield code="2">ddc</subfield>
    <subfield code="4">0</subfield>
    <subfield code="5">1</subfield>
    <subfield code="7">0</subfield>
    <subfield code="8">C</subfield>
    <subfield code="a">PA</subfield>
    <subfield code="b">PA</subfield>
    <subfield code="d">2005-10-27</subfield>
    <subfield code="f">PARA</subfield>
    <subfield code="h">Volumen: 10 </subfield>
    <subfield code="l">0</subfield>
    <subfield code="o">PA-C 595.75 H4</subfield>
    <subfield code="p">PA_8300-30</subfield>
    <subfield code="r">2022-01-25 00:00:00</subfield>
    <subfield code="t">1</subfield>
    <subfield code="w">2022-01-25</subfield>
    <subfield code="y">LIBRO</subfield>
    <subfield code="z">3</subfield>
  </datafield>
</record>
